000 01009cam a2200289 a 4500
001 17470558
005 20170105102915.0
008 120921s2013 enk b 001 0 eng
010 _a 2012037738
020 _a9780415609302 (hbk.)
020 _a9780415609319 (pbk.)
020 _a9780203563809 (ebook)
040 _aDLC
_cDLC
_dDLC
042 _apcc
050 0 0 _aHV6431
_b.C64728 2013
082 0 0 _a363.325072
_223
245 0 0 _aConducting terrorism field research :
_ba guide /
_cedited by Adam Dolnik.
260 _aAbingdon, Oxon ;
_aNew York, NY :
_bRoutledge,
_c2013.
300 _ax, 263 p. ;
_c25 cm.
490 0 _aContemporary terrorism studies
504 _aIncludes bibliographical references and index.
650 0 _aTerrorism
_xResearch
_xMethodology.
700 1 _aDolnik, Adam.
906 _a7
_bcbc
_corignew
_d1
_eecip
_f20
_gy-gencatlg
942 _2ddc
_cBK
999 _c15305
_d15305